000
00261nam a2200109Ia 4500
008
190216s9999||||xx |||||||||||||| ||und||
100
_a
Nigam Lall B M&Amp; Sharma G L
245
0
_a
Practical Costing
260
_b
Kalyani Pub
_c
1981
300
_a
678p
942
_c
BK
999
_c
4843
_d
4843